Experiencias regulatorias de una década: balance y propuestas para el futuro
Sparad:
| Institutionell upphovsman: | |
|---|---|
| Materialtyp: | Bok |
| Språk: | spanska |
| Publicerad: |
Santiago
LOM
2000
|
| Serie: | Colección Sin Norte
|
| Ämnen: | |
| Taggar: |
Lägg till en tagg
Inga taggar, Lägg till första taggen!
|
MARC
| LEADER | 00000nam a2200000 a 4500 | ||
|---|---|---|---|
| 001 | UCN4998 | ||
| 003 | CL-VaPUC | ||
| 008 | 010817e20001100CL |||||||||||||||||spa|d | ||
| 082 | 0 | 4 | |a 338.526 |b MIN |2 21 |
| 110 | 2 | |a Ministerio de Economía. División Desarrollo de Mercados |e author |9 461135 | |
| 245 | 1 | 0 | |a Experiencias regulatorias de una década: balance y propuestas para el futuro |
| 300 | |a 426 p | ||
| 942 | |c BK | ||
| 945 | |d 20010817 00:00:00 |a cmena | ||
| 260 | |a Santiago |b LOM |c 2000 | ||
| 650 | 0 | |a Política gubernamental |9 262286 | |
| 650 | 0 | |a Monopolios |9 255549 | |
| 650 | 0 | |a Telecomunicaciones |9 257195 | |
| 650 | 7 | |a TARIFAS |2 CL-VaPUC |9 317352 | |
| 650 | 7 | |a DISTRIBUCION ELECTRICA |2 CL-VaPUC |9 353641 | |
| 650 | 0 | |a Agua potable |9 260375 | |
| 650 | 7 | |a SERVICIOS DE UTILIDAD PUBLICA |2 CL-VaPUC |9 384364 | |
| 651 | 7 | |a CHILE |2 CL-VaPUC |9 461136 | |
| 583 | |a last modification |c 20170823 12:40:00 |k Rodrigo Vera | ||
| 490 | 0 | |a Colección Sin Norte | |
| 999 | |c 296823 |d 296821 | ||
| 952 | |0 0 |1 0 |4 0 |6 338_526000000000000_MIN_2000 |7 0 |8 A |9 351013 |a BIBGIM |b BIBGIM |d 2019-11-20 |i 3713881 |o 338.526 MIN 2000 |p 3713881 |r 2025-01-15 |w 2019-11-20 |y BK |k GIM | ||